| 000 | 00962nam a2200265 a 4500 | ||
|---|---|---|---|
| 001 | BRL_1403 | ||
| 005 | 20190320211203.0 | ||
| 008 | 130114s1956----u--######d---#000-0#eng-# | ||
| 041 |
_aeng _hspa |
||
| 044 | _au | ||
| 050 | 4 |
_aPC4640 _b.C89 1956 |
|
| 100 | 1 |
_aCuyás, Arturo _d1845-1925 _926789 |
|
| 245 | 1 | 0 |
_aAppleton´s revised cuyas dictionary _cby Arturo Cuyas ; revised and enlarged by Lewis E. Brett (part I) and Helen S. Eaton, with the assistance of Walter Beveraggi-Allende (part II) |
| 260 |
_aNew York _bThe Grolier Society _c1956 |
||
| 300 |
_a2 v. _c28 cm. |
||
| 500 | _av.1 Au1680, v.2 Au1679 | ||
| 500 | _aEstado físico: Las paginas 233 - 240 del v.2 estan desprendidas. | ||
| 650 | 1 | 4 |
_aInglés _vDiccionarios _xEspañol _95933 |
| 650 | 1 | 4 |
_aEspañol _vDiccionarios _xInglés _95934 |
| 700 | 1 |
_aBrett, Lewis E. _910916 |
|
| 700 | 1 |
_aEaton, Helen S. _910917 |
|
| 700 | 1 |
_aBeveraggi-Allende, Walter _910918 |
|
| 902 | _aGRL | ||
| 942 |
_2lcc _cB |
||
| 999 |
_c10213 _d10213 |
||